[Event "EU-chT 24th"]
[Site "Budva"]
[Date "2023.11.12"]
[Round "2.19"]
[White "Grant, Jonathan"]
[Black "Beukema, Jasper"]
[Result "0-1"]
[WhiteElo "2150"]
[BlackElo "2357"]
[PlyCount "54"]
[EventDate "2023.11.11"]
[EventType "team-swiss"]
[EventRounds "9"]
[EventCountry "MNE"]
[SourceTitle "CB47_2023"]
[SourceDate "2023.11.22"]
[SourceVersion "1"]
[SourceVersionDate "2023.11.22"]
[SourceQuality "1"]
[WhiteTeam "Scotland"]
[BlackTeam "Belgium"]
[WhiteTeamCountry "SCO"]
[BlackTeamCountry "BEL"]

1. c4 e5 2. Nc3 Bb4 3. Na4 Be7 4. Nf3 Nc6 5. e3 Nf6 6. d4 exd4 7. exd4 d5 8. c5 0-0 9. Be2 Ne4 10. 0-0 Be6 11. a3 a5 12. Be3 f5 13. g3 Qd7 14. Bb5 Bf6 15. Bf4 Qe7 16. Bxc6 bxc6 17. Be5 f4 18. Bxf4 g5 19. Bc1 Bg4 20. h3 Bxh3 21. Re1 Bg4 22. Re3 Qf7 23. Qf1 Qh5 24. Nh2 Bxd4 25. Rxe4 Rxf2 26. Nxg4 Rxf1+ 27. Kxf1 Qh1+ 0-1

[Event "Budapest One Week GM-A"]
[Site "Budapest"]
[Date "2023.08.25"]
[Round "6"]
[White "Nagy, Gabor"]
[Black "Beukema, Jasper"]
[Result "1/2-1/2"]
[WhiteElo "2452"]
[BlackElo "2356"]
[PlyCount "95"]
[EventDate "2023.08.21"]
[EventType "tourn"]
[EventRounds "9"]
[EventCountry "HUN"]
[EventCategory "6"]
[SourceTitle "CBM 215 Extra"]
[Source "ChessBase"]
[SourceDate "2023.09.30"]
[SourceVersion "1"]
[SourceVersionDate "2023.09.30"]
[SourceQuality "1"]

1. c4 Nf6 2. Nc3 e6 3. Nf3 d5 4. d4 Be7 5. Bg5 0-0 6. e3 a6 7. Qc2 h6 8. Bh4 dxc4 9. Bxc4 b5 10. Bd3 Bb7 11. Bxf6 Bxf6 12. Bh7+ Kh8 13. Be4 c6 14. h4 Nd7 15. g4 Be7 16. g5 Qc7 17. 0-0-0 Rad8 18. Kb1 c5 19. gxh6 gxh6 20. Bxb7 Qxb7 21. Ng5 Nf6 22. d5 exd5 23. e4 dxe4 24. Rxd8 Bxd8 25. Ncxe4 Nxe4 26. Nxe4 f5 27. Ng3 c4 28. Rd1 Qh7 29. h5 Bc7 30. Qc3+ Kg8 31. Rg1 Kf7 32. Qf3 f4+ 33. Kc1 Re8 34. Qd5+ Kf8 35. Nf5 Re5 36. Qa8+ Re8 37. Qc6 Qxf5 38. Qxc7 Re2 39. Qd8+ Kf7 40. Qg8+ Ke7 41. Rg7+ Kd6 42. Qd8+ Kc5 43. Rc7+ Kb4 44. Qd6+ Ka5 45. Qa3+ Kb6 46. Qd6+ Ka5 47. Qa3+ Kb6 48. Qd6+ 1/2-1/2

[Event "NED-chT 2223"]
[Site "Netherlands"]
[Date "2023.04.22"]
[Round "9.7"]
[White "Beukema, Jasper"]
[Black "Rademakers, Evert"]
[Result "0-1"]
[WhiteElo "2362"]
[BlackElo "2250"]
[PlyCount "102"]
[EventDate "2022.09.17"]
[EventType "team-tourn"]
[EventRounds "9"]
[EventCountry "NED"]
[SourceTitle "EXT 2024"]
[Source "ChessBase"]
[SourceDate "2023.10.10"]
[SourceVersion "1"]
[SourceVersionDate "2023.10.10"]
[SourceQuality "1"]
[WhiteTeam "De Stukkenjagers"]
[BlackTeam "Paul Keres"]
[WhiteTeamCountry "NED"]
[BlackTeamCountry "NED"]

1. d4 g6 2. c4 Bg7 3. Nf3 d6 4. g3 e5 5. Nc3 exd4 6. Nxd4 Nc6 7. Be3 Nge7 8. Bg2 0-0 9. 0-0 Ne5 10. b3 Ng4 11. Qd3 Nf5 12. Nxf5 Bxf5 13. Qd2 Nxe3 14. Qxe3 Re8 15. Qd2 c6 16. Rac1 Qa5 17. e3 Rad8 18. Rfd1 Bg4 19. Ne2 Qh5 20. Nf4 Qe5 21. Re1 h5 22. Qb4 Bc8 23. Red1 Qb2 24. Qa5 a6 25. Nd3 Qf6 26. Rd2 h4 27. Nf4 Qe5 28. Qc7 hxg3 29. hxg3 Rd7 30. Qb6 g5 31. Nd3 Qf5 32. Ne1 Bf6 33. Qb4 Be7 34. Rcd1 d5 35. c5 Rdd8 36. Qb6 Qf6 37. Rd4 Kg7 38. Nf3 Rh8 39. Qb4 Qh6 40. Kf1 Bf6 41. R4d2 Rde8 42. Ng1 Qg6 43. Bf3 Rh2 44. Re2 Bf5 45. Qxb7 g4 46. Bg2 Reh8 47. Qxc6 Rxg2 48. Kxg2 Be4+ 49. Kf1 Rh1 50. Rxd5 Bf3 51. Qd7 Rxg1+ 0-1

[Event "BEL-chT 2223"]
[Site "Belgium"]
[Date "2023.03.19"]
[Round "9.2"]
[White "Beukema, Jasper"]
[Black "Zwirs, Nico"]
[Result "0-1"]
[WhiteElo "2368"]
[BlackElo "2479"]
[PlyCount "104"]
[EventDate "2022.09.25"]
[EventType "team-tourn"]
[EventRounds "11"]
[EventCountry "BEL"]
[SourceTitle "CBM 213 Extra"]
[Source "ChessBase"]
[SourceDate "2023.05.31"]
[SourceVersion "1"]
[SourceVersionDate "2023.05.31"]
[SourceQuality "1"]
[WhiteTeam "Oostende"]
[BlackTeam "Wetteren"]
[WhiteTeamCountry "BEL"]
[BlackTeamCountry "BEL"]

1. d4 d5 2. Bf4 c5 3. e3 Nc6 4. Nc3 cxd4 5. exd4 Bf5 6. Nf3 e6 7. Bd3 Bg4 8. Be2 Nf6 9. 0-0 Bd6 10. Bxd6 Qxd6 11. Nb5 Qe7 12. c3 Bxf3 13. Bxf3 0-0 14. Re1 a6 15. Na3 b5 16. Nc2 Rfc8 17. a3 Qd6 18. Qd3 Na5 19. Qe2 Nd7 20. a4 bxa4 21. Rxa4 Nc4 22. Nb4 a5 23. Nd3 Rab8 24. Ra2 Rc7 25. g3 Rcb7 26. Rb1 g6 27. h4 h5 28. Kg2 Kg7 29. b4 axb4 30. Rxb4 Qc7 31. Rxb7 Rxb7 32. Nf4 Nf6 33. Qc2 Nd6 34. Ra6 Nf5 35. Qd3 Nxh4+ 36. Kh3 Nxf3 37. Qxf3 Qc8 38. Kg2 Ne4 39. Ne2 Qc4 40. Ra8 Qc7 41. Nf4 Rb8 42. Rxb8 Qxb8 43. Qe3 Qb1 44. Ne2 Qc2 45. Qf3 Qd2 46. Kf1 Qd1+ 47. Kg2 Nd2 48. Qe3 Qf1+ 49. Kh2 Ne4 50. f3 Ng5 51. Ng1 f6 52. Kh1 Nh3 0-1

[Event "BEL-chT 2223"]
[Site "Belgium"]
[Date "2022.12.04"]
[Round "5.3"]
[White "Beukema, Jasper"]
[Black "Orlov, Andrey"]
[Result "1/2-1/2"]
[WhiteElo "2368"]
[BlackElo "2507"]
[PlyCount "28"]
[EventDate "2022.09.25"]
[EventType "team-tourn"]
[EventRounds "11"]
[EventCountry "BEL"]
[SourceTitle "CBM 213 Extra"]
[Source "ChessBase"]
[SourceDate "2023.05.31"]
[SourceVersion "1"]
[SourceVersionDate "2023.05.31"]
[SourceQuality "1"]
[WhiteTeam "Oostende"]
[BlackTeam "Tal"]
[WhiteTeamCountry "BEL"]
[BlackTeamCountry "BEL"]

1. d4 d5 2. c4 e6 3. Nc3 c6 4. Nf3 Nf6 5. Bg5 Nbd7 6. e3 Qa5 7. Nd2 Bb4 8. Qc2 dxc4 9. Bxf6 Nxf6 10. Nxc4 Qc7 11. Bd3 0-0 12. 0-0 Rd8 13. Rfd1 h6 14. h3 Bd7 1/2-1/2

[Event "BEL-chT 2223"]
[Site "Belgium"]
[Date "2022.11.20"]
[Round "4.2"]
[White "Schoppen, Casper"]
[Black "Beukema, Jasper"]
[Result "1-0"]
[WhiteElo "2497"]
[BlackElo "2368"]
[PlyCount "37"]
[EventDate "2022.09.25"]
[EventType "team-tourn"]
[EventRounds "11"]
[EventCountry "BEL"]
[SourceTitle "CBM 213 Extra"]
[Source "ChessBase"]
[SourceDate "2023.05.31"]
[SourceVersion "1"]
[SourceVersionDate "2023.05.31"]
[SourceQuality "1"]
[WhiteTeam "KGSRL"]
[BlackTeam "Oostende"]
[WhiteTeamCountry "BEL"]
[BlackTeamCountry "BEL"]

1. d4 f5 2. Bg5 h6 3. Bh4 g5 4. Bg3 Bg7 5. e3 Nf6 6. Nc3 d6 7. Bc4 c6 8. h4 g4 9. h5 d5 10. Bd3 Be6 11. f3 Qc8 12. Nge2 Bf7 13. Be5 gxf3 14. gxf3 Nxh5 15. Bxg7 Nxg7 16. Qd2 Qe6 17. 0-0-0 Nd7 18. Rdg1 Nh5 19. e4 1-0

[Event "BEL-chT 2223"]
[Site "Belgium"]
[Date "2022.09.25"]
[Round "1.1"]
[White "Beukema, Jasper"]
[Black "Kuipers, Stefan"]
[Result "0-1"]
[WhiteElo "2368"]
[BlackElo "2440"]
[PlyCount "84"]
[EventDate "2022.09.25"]
[EventType "team-tourn"]
[EventRounds "11"]
[EventCountry "BEL"]
[SourceTitle "EXT 2024"]
[Source "ChessBase"]
[SourceDate "2023.10.10"]
[SourceVersion "1"]
[SourceVersionDate "2023.10.10"]
[SourceQuality "1"]
[WhiteTeam "Oostende"]
[BlackTeam "Mechelen"]
[WhiteTeamCountry "BEL"]
[BlackTeamCountry "BEL"]

1. d4 d5 2. c4 c6 3. Nc3 Nf6 4. Bg5 e6 5. e3 h6 6. Bh4 Be7 7. cxd5 cxd5 8. Bd3 0-0 9. Rc1 Bd7 10. Bb1 Bc6 11. f3 Nbd7 12. Qd3 Re8 13. Nge2 b5 14. a3 Qb6 15. e4 dxe4 16. fxe4 Rad8 17. Qc2 Ng4 18. Bxe7 Rxe7 19. Nd1 Bb7 20. e5 f5 21. h3 Bxg2 22. Rg1 Be4 23. Qc3 Nh2 24. Rg3 Qb7 25. Bxe4 fxe4 26. Qc7 Qxc7 27. Rxc7 Rf7 28. Ng1 Nxe5 29. Rxf7 Nxf7 30. Nc3 Ng5 31. Ke2 Nhf3 32. Nxf3 exf3+ 33. Ke3 Rxd4 34. Rg1 e5 35. Nxb5 Re4+ 36. Kd3 Re2 37. b4 e4+ 38. Kd4 f2 39. Rf1 Nxh3 40. Nxa7 Re1 41. Rxf2 Nxf2 42. b5 e3 0-1

[Event "BEL-ch"]
[Site "Bruges"]
[Date "2022.08.15"]
[Round "5"]
[White "Beukema, Jasper"]
[Black "Dgebuadze, Alexandre"]
[Result "0-1"]
[WhiteElo "2379"]
[BlackElo "2436"]
[PlyCount "74"]
[EventDate "2022.08.11"]
[EventType "tourn"]
[EventRounds "9"]
[EventCountry "BEL"]
[EventCategory "4"]
[SourceTitle "CBM 209 Extra"]
[Source "ChessBase"]
[SourceDate "2022.09.30"]
[SourceVersion "1"]
[SourceVersionDate "2022.09.30"]
[SourceQuality "1"]

1. e4 c5 2. Nc3 Nc6 3. Bb5 g6 4. Bxc6 bxc6 5. f4 c4 6. Nf3 d5 7. 0-0 Bg7 8. e5 Nh6 9. b3 Qa5 10. Bb2 0-0 11. Na4 c5 12. Nc3 Rd8 13. Qe2 Ba6 14. Qf2 d4 15. Ne4 c3 16. dxc3 Bxf1 17. Qxf1 Nf5 18. cxd4 cxd4 19. Qd3 Rac8 20. Nxd4 f6 21. exf6 exf6 22. c3 Nxd4 23. cxd4 f5 24. Ng5 Qd5 25. Rd1 h6 26. Nf3 Qe4 27. Ne5 Rc2 28. Qxe4 fxe4 29. Ba1 Bxe5 30. fxe5 Rdc8 31. Kf1 e3 32. Re1 Rf8+ 33. Kg1 e2 34. d5 Rf1+ 35. Rxf1 exf1Q+ 36. Kxf1 Rc1+ 37. Ke2 Rxa1 0-1

[Event "BEL-ch"]
[Site "Bruges"]
[Date "2022.08.11"]
[Round "1"]
[White "Beukema, Jasper"]
[Black "Rogge, Parcival"]
[Result "0-1"]
[WhiteElo "2379"]
[BlackElo "2231"]
[PlyCount "60"]
[EventDate "2022.08.11"]
[EventType "tourn"]
[EventRounds "9"]
[EventCountry "BEL"]
[EventCategory "4"]
[SourceTitle "CBM 209 Extra"]
[Source "ChessBase"]
[SourceDate "2022.09.30"]
[SourceVersion "1"]
[SourceVersionDate "2022.09.30"]
[SourceQuality "1"]

1. e4 c5 2. Nc3 a6 3. g3 b5 4. Bg2 Bb7 5. d3 e6 6. f4 d5 7. Qe2 Be7 8. Nf3 h5 9. exd5 exd5 10. Ne5 Nf6 11. Be3 Qc7 12. d4 0-0 13. Bf3 Nc6 14. 0-0-0 cxd4 15. Bxd4 Nxd4 16. Rxd4 Bc5 17. Rd3 d4 18. Ne4 Nxe4 19. Bxe4 Rfe8 20. Qf3 Bxe4 21. Qxe4 Rad8 22. Qf3 f6 23. Ng6 Qf7 24. f5 Qxa2 25. c3 dxc3 26. Rxc3 Be3+ 27. Rxe3 Rxe3 28. Qxe3 Qa1+ 29. Kc2 Qxh1 30. Nf4 Qd1+ 0-1

[Event "BEL-chT 2122"]
[Site "Belgium"]
[Date "2022.03.27"]
[Round "10.1"]
[White "Docx, Stefan"]
[Black "Beukema, Jasper"]
[Result "1/2-1/2"]
[WhiteElo "2431"]
[BlackElo "2401"]
[PlyCount "54"]
[EventDate "2021.10.24"]
[EventType "team-tourn"]
[EventRounds "11"]
[EventCountry "BEL"]
[SourceTitle "EXT 2023"]
[Source "ChessBase"]
[SourceDate "2022.10.05"]
[SourceVersion "1"]
[SourceVersionDate "2022.10.05"]
[SourceQuality "1"]
[WhiteTeam "Borgerhout"]
[BlackTeam "Oostende"]
[WhiteTeamCountry "BEL"]
[BlackTeamCountry "BEL"]

1. d4 Nf6 2. c4 c6 3. Nc3 d5 4. cxd5 cxd5 5. Bf4 Nc6 6. e3 Bf5 7. Nf3 e6 8. Qb3 Qb6 9. Qxb6 axb6 10. Bb5 Nd7 11. Nh4 Bg6 12. Rc1 Bh5 13. h3 f6 14. g4 Bf7 15. Nf3 Be7 16. 0-0 0-0 17. Rfe1 Rfc8 18. a3 e5 19. Bh2 e4 20. Nd2 h5 21. Ba4 hxg4 22. hxg4 g6 23. Bb3 Ra5 24. Ba2 f5 25. Nb3 Raa8 26. Nd2 Ra5 27. Nb3 Raa8 1/2-1/2

[Event "BEL-chT 2122"]
[Site "Belgium"]
[Date "2022.02.20"]
[Round "8.1"]
[White "Vrolijk, Liam"]
[Black "Beukema, Jasper"]
[Result "1-0"]
[WhiteElo "2478"]
[BlackElo "2401"]
[PlyCount "49"]
[EventDate "2021.10.24"]
[EventType "team-tourn"]
[EventRounds "11"]
[EventCountry "BEL"]
[SourceTitle "EXT 2023"]
[Source "ChessBase"]
[SourceDate "2022.10.05"]
[SourceVersion "1"]
[SourceVersionDate "2022.10.05"]
[SourceQuality "1"]
[WhiteTeam "Liege Crelel"]
[BlackTeam "Oostende"]
[WhiteTeamCountry "BEL"]
[BlackTeamCountry "BEL"]

1. d4 d5 2. c4 e6 3. Nf3 Nf6 4. Nc3 Be7 5. Bf4 0-0 6. e3 c6 7. Qc2 Nbd7 8. Rd1 Re8 9. Bd3 dxc4 10. Bxc4 b5 11. Bd3 Bb7 12. 0-0 Qb6 13. e4 g6 14. e5 Nh5 15. Be3 a6 16. d5 Bc5 17. dxe6 Rxe6 18. Bxg6 hxg6 19. Rxd7 Bxe3 20. fxe3 Bc8 21. Rd4 Re7 22. Qf2 Be6 23. g4 Ng7 24. Ne4 Ne8 25. Qh4 1-0

[Event "BEL-chT 2122"]
[Site "Belgium"]
[Date "2021.10.24"]
[Round "1.1"]
[White "Michiels, Bart"]
[Black "Beukema, Jasper"]
[Result "1-0"]
[WhiteElo "2566"]
[BlackElo "2401"]
[PlyCount "65"]
[EventDate "2021.10.24"]
[EventType "team-tourn"]
[EventRounds "11"]
[EventCountry "BEL"]
[SourceTitle "EXT 2023"]
[Source "ChessBase"]
[SourceDate "2022.10.05"]
[SourceVersion "1"]
[SourceVersionDate "2022.10.05"]
[SourceQuality "1"]
[WhiteTeam "Wachtebeke"]
[BlackTeam "Oostende"]
[WhiteTeamCountry "BEL"]
[BlackTeamCountry "BEL"]

1. d4 d5 2. c4 e6 3. Nc3 Be7 4. cxd5 exd5 5. Bf4 c6 6. e3 Bd6 7. Bxd6 Qxd6 8. Bd3 Ne7 9. Qc2 Nd7 10. Nge2 Nf6 11. f3 Be6 12. 0-0 h5 13. h3 Qd7 14. e4 h4 15. Qd2 Rh6 16. Rf2 Nh5 17. b4 Ng3 18. b5 Nxe2+ 19. Bxe2 Rd8 20. Rd1 Qc7 21. bxc6 bxc6 22. e5 c5 23. Nb5 Qb6 24. Nd6+ Kf8 25. Bd3 c4 26. Bc2 Rh5 27. Rb1 Qc6 28. Qa5 Rxd6 29. Rb8+ Bc8 30. exd6 Qxd6 31. Re2 g6 32. Qxa7 Kg7 33. Rxe7 1-0

[Event "BEL-ch"]
[Site "Bruges"]
[Date "2021.08.17"]
[Round "4"]
[White "Fontaine, Quentin"]
[Black "Beukema, Jasper"]
[Result "0-1"]
[WhiteElo "2324"]
[BlackElo "2360"]
[PlyCount "64"]
[EventDate "2021.08.14"]
[EventType "tourn"]
[EventRounds "9"]
[EventCountry "BEL"]
[EventCategory "7"]
[SourceTitle "CBM 203 Extra"]
[Source "ChessBase"]
[SourceDate "2021.09.30"]
[SourceVersion "1"]
[SourceVersionDate "2021.09.30"]
[SourceQuality "1"]

1. d4 d5 2. c4 e6 3. Nf3 Nf6 4. Nc3 Be7 5. Bf4 0-0 6. e3 a6 7. c5 Nc6 8. Bd3 b6 9. cxb6 cxb6 10. Ne5 Bb7 11. 0-0 b5 12. Qf3 Nxe5 13. dxe5 Nd7 14. Qh3 g6 15. Ne2 Re8 16. Nd4 Bf8 17. Bg3 Bg7 18. f4 Qb6 19. Bh4 f6 20. exf6 Nxf6 21. Rad1 e5 22. fxe5 Rxe5 23. Rf3 Bc8 24. Qg3 Nh5 25. Qf2 Bg4 26. Be2 Bh6 27. Bg3 Re4 28. Bf4 Nxf4 29. exf4 Rae8 30. h3 Bg7 31. hxg4 Bxd4 32. Rxd4 Rxe2 0-1

[Event "Titled Tuesday intern op 09th Feb"]
[Site "Chess.com INT"]
[Date "2021.02.09"]
[Round "1"]
[White "Murzin, Volodar"]
[Black "Beukema, Jasper"]
[Result "1-0"]
[WhiteElo "2478"]
[BlackElo "2360"]
[PlyCount "37"]
[EventDate "2021.02.09"]
[EventType "swiss (blitz)"]
[EventRounds "11"]
[EventCountry "USA"]
[SourceTitle "EXT 2022"]
[Source "ChessBase"]
[SourceDate "2021.10.06"]
[SourceVersion "1"]
[SourceVersionDate "2021.10.06"]
[SourceQuality "1"]

1. e4 e5 2. Nf3 Nc6 3. Bb5 g6 4. c3 Bg7 5. d4 exd4 6. cxd4 a6 7. Ba4 b5 8. Bc2 d6 9. 0-0 Nge7 10. d5 Nb4 11. Bb3 a5 12. a4 Bd7 13. Nc3 bxa4 14. Bxa4 0-0 15. Be3 Rb8 16. Bxd7 Qxd7 17. Rxa5 f5 18. Ng5 Nexd5 19. Nxd5 1-0

[Event "Wachtebeke-A"]
[Site "Wachtebeke"]
[Date "2020.02.27"]
[Round "9"]
[White "Blom, Vincent"]
[Black "Beukema, Jasper"]
[Result "1/2-1/2"]
[WhiteElo "2308"]
[BlackElo "2329"]
[PlyCount "73"]
[EventDate "2020.02.22"]
[EventType "tourn"]
[EventRounds "9"]
[EventCountry "BEL"]
[EventCategory "3"]
[SourceTitle "CBM 195 Extra"]
[Source "ChessBase"]
[SourceDate "2020.05.31"]
[SourceVersion "1"]
[SourceVersionDate "2020.05.31"]
[SourceQuality "1"]

1. c4 e5 2. g3 Nc6 3. Bg2 f5 4. Nc3 Nf6 5. b3 g6 6. Bb2 Bg7 7. h4 d6 8. Nd5 Be6 9. Nxf6+ Bxf6 10. Bxc6+ bxc6 11. d4 Qe7 12. Qd2 a5 13. dxe5 dxe5 14. Nf3 Bf7 15. Qc3 0-0 16. Nxe5 a4 17. Rb1 axb3 18. axb3 Rfb8 19. 0-0 Bxe5 20. Qxe5 Qxe5 21. Bxe5 Ra3 22. Rfd1 Be6 23. Bxc7 Rbxb3 24. Rd8+ Kf7 25. Rbd1 Rb7 26. Rh8 Kg7 27. Be5+ Kh6 28. h5 Kxh5 29. Kg2 g5 30. Rf8 Bf7 31. Rd6 Bxc4 32. Rxf5 Kg4 33. Rf3 Rxf3 34. exf3+ Kf5 35. Bd4 g4 36. fxg4+ Ke4 37. f3+ 1/2-1/2

[Event "Wachtebeke-A"]
[Site "Wachtebeke"]
[Date "2020.02.26"]
[Round "7"]
[White "Beukema, Jasper"]
[Black "Dgebuadze, Alexandre"]
[Result "1/2-1/2"]
[WhiteElo "2329"]
[BlackElo "2485"]
[PlyCount "36"]
[EventDate "2020.02.22"]
[EventType "tourn"]
[EventRounds "9"]
[EventCountry "BEL"]
[EventCategory "3"]
[SourceTitle "CBM 195 Extra"]
[Source "ChessBase"]
[SourceDate "2020.05.31"]
[SourceVersion "1"]
[SourceVersionDate "2020.05.31"]
[SourceQuality "1"]

1. e4 e6 2. d4 d5 3. exd5 exd5 4. Bd3 c5 5. Qe2+ Be7 6. dxc5 Nc6 7. Nf3 Bg4 8. h3 Bh5 9. g4 Bg6 10. Nc3 Nf6 11. Bg5 0-0 12. Bxg6 hxg6 13. 0-0-0 Re8 14. Rhe1 Bxc5 15. Qxe8+ Qxe8 16. Rxe8+ Rxe8 17. Bxf6 gxf6 18. Nxd5 Kg7 1/2-1/2

[Event "Wachtebeke-A"]
[Site "Wachtebeke"]
[Date "2020.02.23"]
[Round "3"]
[White "Beukema, Jasper"]
[Black "Grochal, Joey"]
[Result "1-0"]
[WhiteElo "2329"]
[BlackElo "2303"]
[PlyCount "91"]
[EventDate "2020.02.22"]
[EventType "tourn"]
[EventRounds "9"]
[EventCountry "BEL"]
[EventCategory "3"]
[SourceTitle "CBM 195 Extra"]
[Source "ChessBase"]
[SourceDate "2020.05.31"]
[SourceVersion "1"]
[SourceVersionDate "2020.05.31"]
[SourceQuality "1"]

1. d4 Nf6 2. c4 e6 3. Nc3 d5 4. cxd5 exd5 5. Bg5 Be7 6. e3 Nbd7 7. Bd3 0-0 8. Nge2 Re8 9. 0-0 Nf8 10. Qc2 c6 11. f3 Nh5 12. Bxe7 Rxe7 13. e4 dxe4 14. fxe4 Ne6 15. d5 Nc5 16. Rad1 Bg4 17. Bc4 Qb6 18. Kh1 Rf8 19. Rde1 Re5 20. Nd4 Ne6 21. dxe6 Qxd4 22. exf7+ Kh8 23. Ne2 Qc5 24. Qd3 Nf6 25. Nf4 Qe7 26. Qg3 Rxe4 27. Qh4 Bf5 28. Rxe4 Qxe4 29. Bd3 Qe5 30. Re1 Qc5 31. b4 Qc3 32. Bxf5 g5 33. Ne2 Qd2 34. Qg3 Rxf7 35. Ng1 h6 36. Nf3 Qxb4 37. Ne5 Rg7 38. Ng6+ Kh7 39. Nf8+ Kg8 40. Ne6 Re7 41. Rd1 Qa5 42. Qd6 Qa4 43. h3 Ne8 44. Bh7+ Kh8 45. Qe5+ Kxh7 46. Qf5+ 1-0

[Event "Wch U18"]
[Site "Mumbai"]
[Date "2019.10.03"]
[Round "2"]
[White "Beukema, Jasper"]
[Black "Mitrabha, Guha"]
[Result "1/2-1/2"]
[WhiteElo "2265"]
[BlackElo "2434"]
[PlyCount "74"]
[EventDate "2019.10.02"]
[EventType "swiss"]
[EventRounds "11"]
[EventCountry "IND"]
[SourceTitle "EXT 2020"]
[Source "ChessBase"]
[SourceDate "2019.10.17"]
[SourceVersion "1"]
[SourceVersionDate "2019.10.17"]
[SourceQuality "1"]

1. d4 Nf6 2. c4 e6 3. Nf3 c5 4. d5 exd5 5. cxd5 d6 6. Nc3 g6 7. Nd2 Bg7 8. Nc4 0-0 9. Bf4 Ne8 10. g3 b6 11. a4 Ba6 12. Nb5 Bxb5 13. axb5 Nd7 14. Bg2 Qe7 15. 0-0 Ne5 16. Bxe5 Bxe5 17. Qd3 Nc7 18. f4 Bg7 19. e4 Nxb5 20. Nxb6 axb6 21. Qxb5 Qf6 22. Rxa8 Rxa8 23. Qc6 Qd4+ 24. Kh1 Ra2 25. e5 Qxb2 26. Rg1 Ra1 27. Qe8+ Bf8 28. e6 Ra7 29. Qb8 Ra1 30. e7 Rxg1+ 31. Kxg1 Qd4+ 32. Kf1 Qd1+ 33. Kf2 Qd2+ 34. Kf1 Qd3+ 35. Kf2 Qd2+ 36. Kf1 Qd3+ 37. Kf2 Qd2+ 1/2-1/2

[Event "BEL-chT 1819"]
[Site "Belgium"]
[Date "2019.03.17"]
[Round "9.4"]
[White "Beukema, Jasper"]
[Black "Draftian, Ashote"]
[Result "1-0"]
[WhiteElo "2262"]
[BlackElo "2206"]
[PlyCount "71"]
[EventDate "2018.09.30"]
[EventType "team-tourn"]
[EventRounds "11"]
[EventCountry "BEL"]
[SourceTitle "CBM 189 Extra"]
[Source "ChessBase"]
[SourceDate "2019.06.03"]
[SourceVersion "1"]
[SourceVersionDate "2019.06.03"]
[SourceQuality "1"]
[WhiteTeam "Brasschaat"]
[BlackTeam "Jean Jaures"]
[WhiteTeamCountry "BEL"]
[BlackTeamCountry "BEL"]

1. d4 f5 2. Nf3 Nf6 3. c4 e6 4. Nc3 Bb4 5. Bg5 Bxc3+ 6. bxc3 0-0 7. e3 c5 8. Bd3 d6 9. 0-0 Nc6 10. Qc2 Qe8 11. Rab1 b6 12. Bxf6 Rxf6 13. e4 Qh5 14. exf5 exf5 15. Rfe1 Bb7 16. d5 Na5 17. Re7 Raf8 18. Rbe1 b5 19. Be2 Qh6 20. Qb2 bxc4 21. Rxb7 Nxb7 22. Qxb7 R6f7 23. Qa6 Re7 24. h4 Rfe8 25. Ng5 Qxh4 26. Ne6 Qe4 27. Qxd6 Qc2 28. Qe5 Qxa2 29. Bf3 Qa4 30. d6 Rf7 31. Qd5 Qd7 32. Re5 Kh8 33. Nxc5 Rxe5 34. Qxe5 Qd8 35. Bd5 Rf8 36. Ne6 1-0

[Event "Wachtebeke-A"]
[Site "Wachtebeke"]
[Date "2019.03.06"]
[Round "7"]
[White "Beukema, Jasper"]
[Black "Huynh, Laurent"]
[Result "0-1"]
[WhiteElo "2282"]
[BlackElo "2138"]
[PlyCount "136"]
[EventDate "2019.03.02"]
[EventType "tourn"]
[EventRounds "9"]
[EventCountry "BEL"]
[EventCategory "3"]
[SourceTitle "CBM 189 Extra"]
[Source "ChessBase"]
[SourceDate "2019.06.03"]
[SourceVersion "1"]
[SourceVersionDate "2019.06.03"]
[SourceQuality "1"]

1. d4 Nf6 2. c4 e6 3. Nf3 b6 4. g3 Bb7 5. Bg2 Bb4+ 6. Bd2 Be7 7. Nc3 0-0 8. 0-0 d5 9. b3 Nbd7 10. Qc2 c5 11. cxd5 Nxd5 12. Nxd5 Bxd5 13. Bc3 Rc8 14. Qb2 c4 15. bxc4 Bxc4 16. Rfe1 b5 17. Nd2 Nb6 18. Nxc4 Rxc4 19. e3 b4 20. Bd2 a5 21. Rec1 Qd7 22. a3 Rfc8 23. axb4 axb4 24. Rd1 Na4 25. Qb3 Nc3 26. Re1 g6 27. Ra5 Bf8 28. Rea1 Ne2+ 29. Kf1 Nc3 30. h4 h5 31. Kg1 R4c7 32. Kh2 Qd8 33. Ra6 Kh7 34. R1a5 Bd6 35. Kh1 Ne2 36. Ra1 Rc2 37. Be1 Nc1 38. Qb1 b3 39. Be4 Re2 40. Qxc1 Rxc1 41. Rxc1 Ra2 42. Rac6 b2 43. Rb1 Ba3 44. Bc3 Ra1 45. Rxa1 bxa1Q+ 46. Bxa1 Be7 47. Bc3 Bxh4 48. Rc5 Bg5 49. Ba5 Qe7 50. f4 Bh6 51. Kg2 Kg8 52. Rc8+ Bf8 53. Bb6 Qb4 54. Bc5 Qd2+ 55. Kh3 h4 56. Bg2 Qxe3 57. Kxh4 Qe2 58. g4 Qxg2 59. Kg5 Qe4 60. Bxf8 f6+ 61. Kxf6 Qxf4+ 62. Ke7 Qg5+ 63. Kd7 Qd5+ 64. Bd6+ Kg7 65. g5 Qxd4 66. Re8 Qa4+ 67. Ke7 Qa7+ 68. Kxe6 Qf7+ 0-1

[Event "Basel op"]
[Site "Basel"]
[Date "2019.01.05"]
[Round "6"]
[White "Vergara Anton, Diego"]
[Black "Beukema, Jasper"]
[Result "0-1"]
[WhiteElo "2040"]
[BlackElo "2290"]
[PlyCount "64"]
[EventDate "2019.01.02"]
[EventType "swiss"]
[EventRounds "7"]
[EventCountry "SUI"]
[SourceTitle "CBM 188 Extra"]
[Source "ChessBase"]
[SourceDate "2019.02.26"]
[SourceVersion "1"]
[SourceVersionDate "2019.02.26"]
[SourceQuality "1"]

1. d4 f5 2. Nf3 e6 3. g3 Nf6 4. Bg2 Be7 5. 0-0 0-0 6. c4 d6 7. b3 Ne4 8. Bb2 Bf6 9. Nfd2 Nxd2 10. Nxd2 Nc6 11. Nf3 Qe8 12. Qc2 e5 13. dxe5 dxe5 14. Rad1 Be6 15. Ne1 f4 16. Nd3 Bf5 17. Qc1 Qg6 18. Nc5 Bg5 19. Qc3 Nd4 20. Qe1 Rae8 21. Nd3 f3 22. Bxd4 fxg2 23. Kxg2 exd4 24. f3 Qh6 25. Nf2 Be3 26. Rh1 Bxf2 27. Qxf2 Bh3+ 28. Kg1 Qe3 29. Re1 Rxf3 30. Qxe3 Rfxe3 31. Kf2 Rf8+ 32. Kg1 Rxe2 0-1